International Tables for Crystallography. Volume A : Space-Group Symmetry /

Salvato in:
Dettagli Bibliografici
Altri autori: Hahn, Theo (Compilatore)
Natura: Libro
Lingua:inglese
Pubblicazione: Dordrecht : The International Union of Crystallography, 1992
Edizione:3.revised edition
Tags: Aggiungi Tag
Nessun Tag, puoi essere il primo ad aggiungerne!!

MARC

LEADER 00000nam a22000003a 4500
001 stu22110
005 20150617225749.1
008 940121s1992----ne------------------eng-d
020 |a 0-7923-1678-9 
040 |a STU  |b slo 
041 0 |a eng 
044 |a ne 
080 |a 548.3(03)  |7 stu_us_auth*stu4722 
100 1 |a Hahn, Theo  |4 com 
245 1 |a International Tables for Crystallography. Volume A :  |b Space-Group Symmetry /  |c Edited by Hahn,Theo 
250 |a 3.revised edition 
260 |a Dordrecht :  |b The International Union of Crystallography,  |c 1992 
300 |a 878 s :  |b Tab.,grafy,index 
996 |b C92436  |c C*92436  |l CCI  |s A  |a 24  |w stu22110_0001